| 000 | 00821nam a2200265 a 4500 | ||
|---|---|---|---|
| 001 | 28336 | ||
| 003 | BD-RjUL | ||
| 005 | 20211209051252.0 | ||
| 008 | 140330s1954 enk 000 1 eng d | ||
| 035 | _a(BD-RjUL)28417 | ||
| 040 |
_aANL _beng _cANL _dBD-RjUL |
||
| 041 | _aeng | ||
| 082 | 0 | 4 |
_a823.912 _219 _bBEC 1954 |
| 100 | 1 |
_aBennett, Arnold, _d1867-1931. _956512 |
|
| 245 | 1 | 4 |
_aThe card : _ba story of adventure in the Five Towns / _cby Arnold Bennett. |
| 250 | _a37th ed. | ||
| 260 |
_aLondon : _bMethuen, _c1954. |
||
| 300 |
_a256 p. ; _c19 cm. |
||
| 490 | _aMethuen's Modern Classics. | ||
| 650 | 0 |
_aSocial life and customs _vFiction. _y20th century _zEngland _957378 |
|
| 650 | 0 |
_aHumorous stories. _957379 |
|
| 830 |
_aMethuen's Modern Classics. _9111898 |
||
| 942 |
_2ddc _cBK |
||
| 999 |
_c28336 _d28336 |
||